LIBRARY & INFORMATION CENTRE, KCAET, TAVANUR

ONLINE PUBLIC ACCESS CATALOGUE (OPAC)

Chadanasoap | ചന്ദനസോപ്പ് : ദളിത് -പെൺകഥകൾ (Record no. 17626)

MARC details
000 -LEADER
fixed length control field 00420nam a22001577a 4500
003 - CONTROL NUMBER IDENTIFIER
control field OSt
008 - FIXED-LENGTH DATA ELEMENTS--GENERAL INFORMATION
fixed length control field 230221b |||||||| |||| 00| 0 eng d
041 ## - LANGUAGE CODE
Language code of text/sound track or separate title mal
082 ## - DEWEY DECIMAL CLASSIFICATION NUMBER
Classification number 894.812 3
Item number PER/CH
100 ## - MAIN ENTRY--AUTHOR NAME
Personal name Perumal Murugan
245 ## - TITLE STATEMENT
Title Chadanasoap
Remainder of title ചന്ദനസോപ്പ് : ദളിത് -പെൺകഥകൾ
250 ## - EDITION STATEMENT
Edition statement 3rd
260 ## - PUBLICATION, DISTRIBUTION, ETC. (IMPRINT)
Place of publication Trissur
Name of publisher Samatha
Year of publication 2022
300 ## - PHYSICAL DESCRIPTION
Number of Pages 176
942 ## - ADDED ENTRY ELEMENTS (KOHA)
Koha item type Books
Holdings
Withdrawn status Lost status Damaged status Home library Current library Date acquired Full call number Accession Number Koha item type
      KAUAET KAUAET 21/02/2023 894.812 3 PER/CH 26089 Books
free website counter